Pays ayant plus de 50 millions d'habitants - Mort Subite - Statistiques

Statistiques générales
  • Ce quiz a été pris 2 585 fois
    2 560 depuis la dernière actualisation
  • Le résultat moyen est 3 sur 12
Answers on the Grid
Answers color-coded by a green-red scale on the quiz's grid according to % correct below.
Soudan
Corée du Sud
Colombie
Birmanie
Kenya
Italie
Afrique du Sud
Tanzanie
Viêt Nam
Philippines
Éthiopie
Mexique
Mali
Niger
Argentine
Irak
Afghanistan
Yémen
Canada
Ukraine
Malaisie
Pérou
Arabie Saoudite
Australie
 
Statistiques - réponses
Réponse % Correct
Mexique
53%
Philippines
42%
Viêt Nam
40%
Éthiopie
36%
Corée du Sud
33%
Afrique du Sud
32%
Italie
32%
Tanzanie
18%
Colombie
17%
Kenya
16%
Soudan
13%
Birmanie
10%
Aucun quiz correspondant
Distribution des résultats
% des personnes avec chaque résultat
Percentile par nombre de réponses
Votre historique - résultats
Vous n’avez pas pris ce quiz depuis la dernière actualisation